000
00292nam a22001337a 4500
008
180922b xxu||||| |||| 00| 0 eng d
020
_a
9781578066896
041
_a
eng
080
_a
616.8-006
100
_a
6
101
_a
KAN
245
_a
Cancer Therapies
_c
Chan, H.S.L
942
_2
udc
_c
BK
999
_c
48273
_d
48273